| 000 | 01304nam a22002537a 4500 | ||
|---|---|---|---|
| 001 | 46948 | ||
| 003 | BD-RjUL | ||
| 005 | 20211209054232.0 | ||
| 008 | 160806s2000 bg ||||| |||| 00| 0 ben d | ||
| 020 | _c: TK 200.00 | ||
| 035 | _a(BD-RjUL)47067 | ||
| 040 |
_aBD-RjUL _bben _cBD-RjUL |
||
| 041 | _aben | ||
| 082 |
_223 _a519.5092 _bKHO 2000 |
||
| 245 | 0 | 0 |
_aখোন্দকার মনোয়ার হোসেন স্মারকগ্রন্থ / _cএ. এইচ. এম. রহমতুল্লাহ ইমন সম্পাদিত |
| 260 |
_aরাজশাহী : _bপ্রফেসর খোন্দকার মনোয়ার হোসেন স্মৃতি সংসদ, রাজশাহী বিশ্ববিদ্যালয়, _c২০০০ |
||
| 300 |
_a২৮৮ পৃ. : _bচিত্র ; _c২১ সেমি. |
||
| 600 |
_aহোসেন, খোন্দকার মনোয়ার _xজীবনী _9237378 |
||
| 600 |
_aHossain, Khondkar Manwar _xBiography _9237379 |
||
| 650 |
_aপরিসংখ্যানবিদ _xজীবনী _9143006 |
||
| 650 |
_aStatistician _xBiography _9143007 |
||
| 700 |
_aইমন, এ. এইচ. এম. রহমতুল্লাহ, সম্পাদক _9143008 |
||
| 942 |
_2ddc _cBK |
||
| 999 |
_c46948 _d46948 |
||